01171nam a2200289 a 450000500170000000800410001702000280005804000270008604100080011304400080012108200200012910000400014924501140018926000440030330000630034750400530041050500750046365000320053865000260057065000140059665000270061070000280063794200150066594500150068099900150069595201710071020160105031832.0140318b1990 xxuad | |||| 00| 0 eng d a0300040857 (alk. paper) aCO-BoIAVH cCO-BoIAVH  aeng axxu04a572.83818bS56p1 a Sibley, Charles Galdd1917-eautor10aPhylogeny and classification of birdsba study in molecular evolutioncCharles G. Sibley and Jon E. Ahlquist. aNew HavenbYale University Presscc1990 a xxiii, 976 páginas bilustraciones y gráficasc25 cm. aIncluye referencias bibliográficas e índice.0 aParte 1.: Introduction. -- Parte 2.: Accounts of the groups of birds. 14aAvesxEvolución molecular24aAvesxClasificación24aFilogenia24aOrigen de las especies1 aAhlquist, Jon E.eautor cLIBRO2ddc d2006-02-03 c5200d5200 00102ddc40708GENERALIINV2017aBogotabBogotad2006-02-03eInstitutog39000.00l0oLB-572.83818 S56p022945r2012-12-04 00:00:00tEj. 1w2012-12-04xComprayLIBRO